000 00936nam a22001457a 4500
003 SGT
020 _a9788132204268
082 _a547.5, CAR
100 _aCAREY A. FRANCIS
245 _aADVANCED ORGANIC CHEMISTRY (PRAT B: REACTION AND SYNTHESIS
250 _a5TH
260 _aNEW DELHI
_bSPRINGER
653 _aAlkylation of Enolates and Other Carbon Nucleophiles, Reactions of Carbon Nucleophiles with Carbonyl Compounds, Functional Group Interconversion by Substitution, Including Protection and Deprotection, Electrophilic Additions to Carbon-Carbon Multiple Bonds, Reduction of Carbon-Carbon Multiple Bonds, Carbonyl Groups, and Other Functional Groups, Concerted Cycloadditions, Unimolecular Rearrangements, and Thermal Eliminations, Organometallic Compounds of Group I and II Metals, Reactions Involving Transition Metals, Aromatic Substitution Reactions, Oxidations, Multistep Syntheses, Back Matter
942 _2ddc
_cFPS
_04
999 _c9233
_d9233